Statistics for 90 secs Countries of the World: by Last Two Letters

Click here to take the quiz!

General Stats

  • This quiz has been taken 41,212 times
  • The average score is 116 of 196

Answer Stats

COUNTRY% Correct
Albania
96%
Algeria
96%
Armenia
96%
Australia
96%
Austria
96%
Bolivia
96%
Bulgaria
96%
Cambodia
96%
Colombia
96%
Croatia
96%
Estonia
96%
Ethiopia
96%
Federated States of Micronesia
96%
Gambia
96%
Georgia
96%
India
96%
Indonesia
96%
Latvia
96%
Liberia
96%
Lithuania
96%
Macedonia
96%
Malaysia
96%
Mauritania
96%
Mongolia
96%
Namibia
96%
Nigeria
96%
Romania
96%
Russia
96%
Saint Lucia
96%
Saudi Arabia
96%
Serbia
96%
Slovakia
96%
Slovenia
96%
Somalia
96%
Syria
96%
Tanzania
96%
Tunisia
96%
Zambia
96%
Afghanistan
93%
Azerbaijan
93%
Bhutan
93%
Iran
93%
Japan
93%
Jordan
93%
Kazakhstan
93%
Kyrgyzstan
93%
Oman
93%
Pakistan
93%
South Sudan
93%
Sudan
93%
Taiwan
93%
Tajikistan
93%
Turkmenistan
93%
Uzbekistan
93%
Finland
84%
Iceland
84%
Ireland
84%
New Zealand
84%
Poland
84%
Swaziland
84%
Switzerland
84%
Thailand
84%
Argentina
81%
Bosnia and Herzegovina
81%
Botswana
81%
China
81%
Ghana
81%
Guyana
81%
Costa Rica
71%
Dominica
71%
Jamaica
71%
South Africa
71%
Antigua and Barbuda
66%
Bahrain
66%
Benin
66%
Canada
66%
Grenada
66%
Liechtenstein
66%
Rwanda
66%
Spain
66%
Uganda
66%
Maldives
64%
Philippines
64%
Saint Vincent and the Grenadines
64%
Seychelles
64%
Sweden
64%
United Arab Emirates
64%
United States
64%
Yemen
64%
France
60%
Greece
60%
Equatorial Guinea
59%
Eritrea
59%
Guinea
59%
North Korea
59%
Papua New Guinea
59%
South Korea
59%
Brazil
58%
Angola
57%
Guatemala
57%
Venezuela
57%
Mexico
55%
Monaco
55%
Morocco
55%
Germany
51%
Norway
50%
Paraguay
50%
Uruguay
50%
Nepal
49%
Portugal
49%
Senegal
49%
United Kingdom
46%
Bahamas
42%
Honduras
42%
Democratic Republic of the Congo
41%
Marshall Islands
41%
Netherlands
41%
Republic of the Congo
41%
Solomon Islands
41%
Togo
41%
Trinidad and Tobago
41%
Barbados
40%
Belarus
40%
Burma
40%
Cameroon
40%
Chile
40%
Comoros
40%
Cyprus
40%
Gabon
40%
Italy
40%
Laos
40%
Lebanon
40%
Mauritius
40%
Panama
40%
Andorra
39%
Madagascar
39%
Qatar
39%
Djibouti
38%
Haiti
38%
Kiribati
38%
Nauru
37%
Peru
37%
Cuba
36%
Central African Republic
35%
Czech Republic
35%
Dominican Republic
35%
East Timor
35%
Ecuador
35%
Egypt
35%
El Salvador
35%
Denmark
33%
Kenya
33%
Libya
33%
Belgium
32%
Sierra Leone
31%
Ukraine
31%
Vietnam
31%
Chad
29%
Côte d'Ivoire
29%
Iraq
29%
Singapore
29%
Zimbabwe
29%
Nicaragua
28%
Niger
28%
Guinea-Bissau
27%
Israel
27%
Palau
27%
Saint Kitts and Nevis
27%
Malta
26%
Turkey
26%
Fiji
25%
Hungary
25%
Mali
25%
Tonga
25%
Bangladesh
24%
Belize
24%
Samoa
24%
Sri Lanka
23%
San Marino
22%
Tuvalu
22%
Brunei
21%
Burundi
21%
Kosovo
21%
Burkina Faso
20%
Cape Verde
20%
Kuwait
20%
Luxembourg
20%
Vanuatu
20%
Montenegro
19%
Suriname
19%
Moldova
18%
Vatican City
18%
Lesotho
17%
Malawi
17%
Mozambique
17%
São Tomé and Príncipe
12%

Score Distribution

Percentile by Number Answered

Percent of People with Each Score

Your Score History

You have not taken this quiz